Paris : Dans quels arrondissements sont situées ces gares ? - Statistiques

Statistiques générales
  • Ce quiz a été pris 53 fois
  • Le résultat moyen est 20 sur 32
Statistiques - réponses
Gare N° de l'arrondissement % Correct
Nation 11/12
79%
Paris Bercy Bourgogne Pays d'Auvergne 12
79%
Paris Gare du Nord 10
74%
Paris Gare de Lyon 12
74%
Bibliothèque François Mitterrand 13
74%
Paris Montparnasse 14/15
74%
Paris Gare de l'Est 10
72%
Cité Universitaire 14
72%
Porte de Clichy 17
72%
Paris Austerlitz 13
69%
Denfert Rochereau 14
69%
Javel 15
69%
Neuilly - Porte Maillot 17
69%
Charles de Gaulle - Étoile 08/16/17
67%
Pont Cardinet 17
67%
Avenue Foch 16
64%
Pereire Levallois 17
64%
Rosa Parks 19
62%
Châtelet Les Halles 01
59%
Champ de Mars - Tour Eiffel 15
59%
Pont du Garigliano - Hôpital Européen Georges Pompidou 15
59%
Luxembourg 05/06
56%
Paris Saint-Lazare 08
56%
Saint-Michel Notre-Dame 05
54%
Invalides 07
54%
Avenue du Président Kennedy - Maison de Radio-France 16
54%
Port Royal 05
51%
Musée d'Orsay 07
51%
Auber 09
51%
Pont de l'Alma 07
46%
Avenue Henri Martin 16
46%
Boulainvilliers 16
41%
Aucun quiz correspondant
Distribution des résultats
% des personnes avec chaque résultat
Percentile par nombre de réponses
Votre historique - résultats
Vous n’avez pas pris ce quiz